Most Anti-Russian countries - Statistics

General Stats
  • This quiz has been taken 69 times
  • The average score is 8 of 10
Answer Stats
% Answer % Correct
92 UK
100%
93 USA
100%
96 Ukraine
98%
92 Finland
92%
95 Poland
92%
96 Norway
81%
96 Sweden
81%
91 Lithuania
78%
93 Netherlands
53%
93 Iceland
46%
No matching quizzes found
Score Distribution
Percent of People with Each Score
Percentile by Number Answered
Your Score History
You have not taken this quiz